000 00844cab a2200193 4500
001 ABS40362
008 090401t1989 xxu||||| |||| 00| 0 eng d
035 _a(Sirsi) u23305
041 _aeng
100 _aCooke-Priest, P.
245 _aPremiums - a managing agent`s response
260 _c1989
350 _a0
490 _aEstates Gazette
_v(8905) 4 February 1989, 103-104(2)
520 _aCritical reply to L. Aaron`s article, "Retail lettings: key money or opportunity value?", EG (8838) 24 September 1988, pp113-116, Abstract 39851, which discussed payment of premiums for business premises. Provides an historical overview of the lettings market and continues in defence of the practice of landlords charging premiums for retail property.
690 _aLANDLORD AND TENANT-BUSINESS TENANCIES
942 _n0
948 _c04/03/1997
999 _c15585
_d15585